International Business : (Record no. 22113)
[ view plain ]
| 000 -LEADER | |
|---|---|
| fixed length control field | 00990nam a22003137a 4500 |
| 003 - CONTROL NUMBER IDENTIFIER | |
| control field | IBSLLIB |
| 005 - DATE AND TIME OF LATEST TRANSACTION | |
| control field | 20260512101044.0 |
| 008 - FIXED-LENGTH DATA ELEMENTS--GENERAL INFORMATION | |
| fixed length control field | 260512b |||||||| |||| 00| 0 eng d |
| 020 ## - INTERNATIONAL STANDARD BOOK NUMBER | |
| International Standard Book Number | 978259098031 |
| 040 ## - CATALOGING SOURCE | |
| Original cataloging agency | IBSLLIB |
| Language of cataloging | English |
| 041 ## - LANGUAGE CODE | |
| Language code of original | Eng |
| 082 ## - DEWEY DECIMAL CLASSIFICATION NUMBER | |
| Classification number | 658.049 |
| Item number | HIL |
| 100 ## - MAIN ENTRY--PERSONAL NAME | |
| Personal name | Hill , Charles |
| 245 ## - TITLE STATEMENT | |
| Title | International Business : |
| Remainder of title | Competing in the Global Marketplace |
| 250 ## - EDITION STATEMENT | |
| Edition statement | 10th ed. |
| 260 ## - PUBLICATION, DISTRIBUTION, ETC. (IMPRINT) | |
| Place of publication, distribution, etc. | Delhi : |
| Name of publisher, distributor, etc. | McGraw Hill Education private Limited , |
| Date of publication, distribution, etc. | 2014 |
| 300 ## - PHYSICAL DESCRIPTION | |
| Extent | 805 p ; |
| Dimensions | 25 cm |
| 505 ## - FORMATTED CONTENTS NOTE | |
| Formatted contents note | Introduction and overview |
| 505 ## - FORMATTED CONTENTS NOTE | |
| Formatted contents note | Country differences |
| 505 ## - FORMATTED CONTENTS NOTE | |
| Formatted contents note | The Global trade and investment environment |
| 505 ## - FORMATTED CONTENTS NOTE | |
| Formatted contents note | The Global monetary system |
| 505 ## - FORMATTED CONTENTS NOTE | |
| Formatted contents note | The Strategy and structure of international business |
| 505 ## - FORMATTED CONTENTS NOTE | |
| Formatted contents note | International business functions |
| 650 ## - SUBJECT ADDED ENTRY--TOPICAL TERM | |
| Topical term or geographic name as entry element | international business |
| 650 ## - SUBJECT ADDED ENTRY--TOPICAL TERM | |
| Topical term or geographic name as entry element | political economy |
| 650 ## - SUBJECT ADDED ENTRY--TOPICAL TERM | |
| Topical term or geographic name as entry element | human resource management |
| 700 ## - ADDED ENTRY--PERSONAL NAME | |
| Personal name | Jain , Kumar Arun |
| Relator term | Coo Author |
| 942 ## - ADDED ENTRY ELEMENTS (KOHA) | |
| Koha item type | Lending Book |
| Withdrawn status | Lost status | Damaged status | Not for loan | Collection code | Permanent Location | Current Location | Shelving location | Date acquired | Source of acquisition | Inventory number | Full call number | Barcode | Koha item type |
|---|---|---|---|---|---|---|---|---|---|---|---|---|---|
| Lending Collection | IBSL Library | IBSL Library | Lending Section | 10/09/2025 | Donation | 10561 | 658.049 HIL | 10561 | Lending Book |
